América Latina: las razones de la ira

Guardat en:
Dades bibliogràfiques
Autor principal: Estrella Vintimilla, Pablo
Format: Text
Publicat: Cuenca: Universidad de Cuenca. IDIS (Ecuador)
Etiquetes: Afegir etiqueta
Sense etiquetes, Sigues el primer a etiquetar aquest registre!

MARC

LEADER 00000 a a2200000 04500
001 14265
003
040
090 |a EXTRAVIADO  
100 |a Estrella Vintimilla, Pablo  
245 |a América Latina: las razones de la ira  
260 |a Cuenca:   |b Universidad de Cuenca. IDIS (Ecuador)  
300 |a 18; 328 p.  
999 |c 12319  |d 12319